Medicina geriátrica: una aproximación basada en problemas
Збережено в:
| Автори: | , , , , |
|---|---|
| Формат: | Книга |
| Мова: | Іспанська |
| Опубліковано: |
Barcelona
Elsevier Masson
2012
|
| Редагування: | 1a. ed |
| Предмети: | |
| Теги: |
Додати тег
Немає тегів, Будьте першим, хто поставить тег для цього запису!
|
MARC
| LEADER | 00000cam a2200000 a 4500 | ||
|---|---|---|---|
| 001 | UCD6691 | ||
| 003 | CL-VaPUC | ||
| 008 | 170108e20120000sp |||||||||||||||||spa|d | ||
| 020 | |a 9788445821848 | ||
| 082 | 0 | 4 | |a 618.97 |b ABI |2 21 |
| 100 | 0 | |a Abizanda Soler, Pedro |e author |9 590501 | |
| 700 | 0 | |a Romero Rizos, Luis |e author |9 590502 | |
| 700 | 0 | |a Luengo Márquez, Carmen |e author |9 590503 | |
| 700 | 0 | |a Sánchez Jurado, Pedro Manuel |e author |9 590504 | |
| 700 | 0 | |a Jordán Bueso, Joaquín |e author |9 590505 | |
| 245 | 1 | 0 | |a Medicina geriátrica: una aproximación basada en problemas |
| 250 | |a 1a. ed | ||
| 300 | |a 406 p | ||
| 942 | |c BK | ||
| 945 | |d 20170108 00:10:00 |a arojas | ||
| 260 | |a Barcelona |b Elsevier Masson |c 2012 | ||
| 650 | 0 | |a Geriatría |9 309798 | |
| 650 | 0 | |a Vejez |9 307287 | |
| 650 | 0 | |a Tercera edad |9 307285 | |
| 583 | |a last modification |c 20170108 00:10:00 |k Rodrigo Vera | ||
| 999 | |c 366898 |d 366896 | ||
| 952 | |0 0 |1 0 |3 erb |4 0 |6 618_970000000000000_ABI_2012 |7 0 |8 A |9 481534 |a BIBCUR |b BIBCUR |i 5359104 |o 618.97 ABI 2012 |p 5359104 |r 2025-04-22 |w 2019-11-24 |y BK |z Catalogado en:20170108 |k KIN | ||